Predpätý betónový most nad riekou Váh na ceste I/75

Salvato in:
Dettagli Bibliografici
Autore principale: Špendlová, Nikola (Autore)
Altri autori: Halvonik, Jaroslav (Relatore della tesi)
Natura: Manoscritto Libro
Lingua:slovacco
Pubblicazione: 2022
Soggetti:
Accesso online:http://is.stuba.sk/zp/portal_zp.pl?podrobnosti=159030
https://opac.crzp.sk/?fn=detailBiblioForm&sid=D9F0BB0A8DA9926981A298D31B33
Tags: Aggiungi Tag
Nessun Tag, puoi essere il primo ad aggiungerne!!

MARC

LEADER 00000ntm a22000003a 4500
001 stuzp90223
003 SK-STU
005 20230510085450.4
007 ta
008 150427s2015----xo-----f-mn---000-0-slo-d
040 |a STU  |b slo 
041 0 |a slo 
100 1 |a Špendlová, Nikola  |u 010110  |4 aut  |U SvF Stavebná fakulta  |T SvF Katedra betónových konštrukcií a mostov  |X 87361  |U V110  |Y 11  |7 87361 
242 0 1 |a Prestressed concrete bridge over river Vah on road I/75  |y eng 
245 1 0 |a Predpätý betónový most nad riekou Váh na ceste I/75 
260 |c 2022 
650 4 |a Extradosový most  |2 slo 
650 4 |a Predpätý most  |2 slo 
650 4 |a Letmá betonáž  |2 slo 
650 4 |a Extradosed bridge  |2 eng 
650 4 |a Post-tensioned bridge  |2 eng 
650 4 |a Cantilever balanced method  |2 eng 
700 1 |a Halvonik, Jaroslav  |u 010110  |k Z1  |4 ths  |U SvF Stavebná fakulta  |T SvF Katedra betónových konštrukcií a mostov  |X 2749  |U V110  |Y 11  |7 A000002749 
856 4 |u http://is.stuba.sk/zp/portal_zp.pl?podrobnosti=159030 
856 4 |u https://opac.crzp.sk/?fn=detailBiblioForm&sid=D9F0BB0A8DA9926981A298D31B33